Identify the Bond film from the Villain Locations - Statistics

General Stats
  • This quiz has been taken 44 times
  • The average score is 13 of 15
Answer Stats
Villain’s Location Film % Correct
SPECTRE Oil Rig, off Baja, California Diamonds Are Forever
97%
Crab Key facility, Jamaica Dr. No
97%
Space Station orbiting Earth Moonraker
97%
Atlantis aquatic base, Mediterranean Sea The Spy Who Loved Me
97%
Disco Volante hydrofoil, Atlantic Ocean Thunderball
92%
Stealth ship, South China Sea Tomorrow Never Dies
92%
Cargo plane, over the Korean Peninsula Die Another Day
90%
SPECTRE Volcano base, Kyushu, Japan You Only Live Twice
90%
Piz Gloria, Switzerland On Her Majesty’s Secret Service
87%
Satellite Station, Cuba Goldeneye
85%
Island in Phang Nga Bay northeast of Phuket, Thailand The Man With The Golden Gun
85%
Cave network beneath San Monique Live And Let Die
82%
Hijacked Russian nuclear submarine, Bosphorus The World Is Not Enough
82%
Corporate airship, over California A View To A Kill
79%
Olimpatec Meditation Institute, Republic of Isthmus Licence To Kill
69%
No matching quizzes found
Score Distribution
Percent of People with Each Score
Percentile by Number Answered
Your Score History
You have not taken this quiz